[Event "Quebec Montcalm op 2 2018-19"]
[Site "Quebec"]
[Date "2018.11.01"]
[Round "4"]
[White "Garcia Casillas, Carlos"]
[Black "Lapierre, Gaetan"]
[Result "1-0"]
[WhiteElo "1805"]
[BlackElo "1819"]
[PlyCount "63"]
[EventDate "2018.10.11"]
[EventType "swiss"]
[EventRounds "5"]
[EventCountry "CAN"]
[SourceTitle "EXT 2022"]
[Source "ChessBase"]
[SourceDate "2021.10.06"]
[SourceVersion "1"]
[SourceVersionDate "2021.10.06"]
[SourceQuality "1"]

1. e4 c6 2. d4 d5 3. Nd2 dxe4 4. Nxe4 Nd7 5. Qe2 e6 6. Bg5 Ngf6 7. 0-0-0 Qa5 8. Bxf6 Nxf6 9. Kb1 Be7 10. Nf3 Nxe4 11. Qxe4 Bf6 12. h4 h5 13. Ne5 Qc7 14. Rh3 Qd8 15. Rhd3 Qc7 16. c4 c5 17. dxc5 Bxe5 18. Rd8+ Qxd8 19. Rxd8+ Kxd8 20. Qxe5 f6 21. Qd6+ Bd7 22. Be2 Rc8 23. Bf3 Re8 24. Bxb7 Rc7 25. c6 Re7 26. c5 Ke8 27. cxd7+ Rcxd7 28. Bc6 e5 29. Bxd7+ Rxd7 30. Qe6+ Re7 31. Qc8+ Kf7 32. c6 1-0

[Event "Quebec Montcalm op 2 2018-19"]
[Site "Quebec"]
[Date "2018.10.18"]
[Round "2"]
[White "Garcia Casillas, Carlos"]
[Black "Rutten, Benoit"]
[Result "1-0"]
[WhiteElo "1805"]
[BlackElo "1391"]
[PlyCount "51"]
[EventDate "2018.10.11"]
[EventType "swiss"]
[EventRounds "5"]
[EventCountry "CAN"]
[SourceTitle "EXT 2022"]
[Source "ChessBase"]
[SourceDate "2021.10.06"]
[SourceVersion "1"]
[SourceVersionDate "2021.10.06"]
[SourceQuality "1"]

1. e4 g6 2. d4 Bg7 3. Nc3 e6 4. Be3 d6 5. Qd2 h6 6. f4 Ne7 7. Nf3 a6 8. Bd3 Nbc6 9. 0-0 Bd7 10. a3 f5 11. d5 exd5 12. exd5 Na7 13. Rfe1 0-0 14. Bd4 c5 15. dxc6 Naxc6 16. Bxg7 Kxg7 17. Kh1 Qb6 18. Bc4 Qc7 19. Rad1 b5 20. Bb3 Rae8 21. Qxd6 Qxd6 22. Rxd6 Bc8 23. h3 Bb7 24. Rd7 Bc8 25. Rc7 Kh8 26. Nh4 1-0

[Event "Ste Foy Jeudi 1"]
[Site "Ste Foy"]
[Date "2018.07.19"]
[Round "5"]
[White "Cummins, Paul"]
[Black "Garcia Casillas, Carlos"]
[Result "1-0"]
[WhiteElo "1754"]
[BlackElo "1789"]
[PlyCount "157"]
[EventDate "2018.07.??"]
[EventType "swiss"]
[EventRounds "5"]
[EventCountry "CAN"]
[SourceTitle "EXT 2022"]
[Source "ChessBase"]
[SourceDate "2021.10.06"]
[SourceVersion "1"]
[SourceVersionDate "2021.10.06"]
[SourceQuality "1"]

1. e4 c5 2. Nc3 e6 3. Nf3 d5 4. exd5 exd5 5. Bb5+ Nc6 6. Qe2+ Be7 7. d4 Nf6 8. dxc5 0-0 9. Bxc6 bxc6 10. 0-0 Bxc5 11. Bg5 a5 12. Rfe1 Ba6 13. Qd1 Qb6 14. Bh4 Ng4 15. Qd2 Qa7 16. h3 Nh6 17. Na4 Bd6 18. Bg5 Nf5 19. g4 Ng3 20. Nh4 Rfe8 21. Nf5 Ne2+ 22. Kg2 Bf8 23. Nc3 Nxc3 24. bxc3 c5 25. Kg1 Qd7 26. Ng3 Bb7 27. Rxe8 Rxe8 28. Re1 Rxe1+ 29. Qxe1 d4 30. Ne4 Qd5 31. f3 f5 32. gxf5 Qxf5 33. Qg3 Bxe4 34. fxe4 Qxe4 35. cxd4 cxd4 36. Qb3+ Kh8 37. Qf7 Qe1+ 38. Kg2 Qe2+ 39. Kg1 Qe1+ 40. Qf1 Qxf1+ 41. Kxf1 Kg8 42. Ke2 Bb4 43. Kd3 Bc3 44. Bf4 Kf7 45. Be5 g5 46. Ke4 Ke6 47. Bg3 h5 48. Be5 a4 49. Bg3 a3 50. Be5 h4 51. Bh2 Bb2 52. Bg1 Kf6 53. Bh2 Kg6 54. Bg1 Kf6 55. Bh2 Ke6 56. Bb8 Bc1 57. Bh2 Be3 58. Be5 Bg1 59. Bg7 g4 60. hxg4 h3 61. Kf3 h2 62. Kg2 Kd5 63. Bf8 Ke4 64. Bxa3 Kf4 65. Bd6+ Kxg4 66. Bxh2 Bxh2 67. Kxh2 Kf3 68. a4 Ke2 69. a5 Kd2 70. a6 Kxc2 71. a7 d3 72. a8Q d2 73. Qc6+ Kd3 74. Qd5+ Ke2 75. Qe4+ Kd1 76. Kg2 Kc1 77. Qc4+ Kb2 78. Qd3 Kc1 79. Qc3+ 1-0

[Event "Quebec Montcalm op 4 2017-18"]
[Site "Quebec"]
[Date "2018.02.01"]
[Round "4"]
[White "Hines, Jason"]
[Black "Garcia Casillas, Carlos"]
[Result "1-0"]
[WhiteElo "1442"]
[BlackElo "1769"]
[PlyCount "47"]
[EventDate "2018.01.11"]
[EventType "swiss"]
[EventRounds "5"]
[EventCountry "CAN"]
[SourceTitle "EXT 2022"]
[Source "ChessBase"]
[SourceDate "2021.10.06"]
[SourceVersion "1"]
[SourceVersionDate "2021.10.06"]
[SourceQuality "1"]

1. e4 c5 2. d4 cxd4 3. c3 dxc3 4. Bc4 e6 5. Nxc3 Nc6 6. Nf3 Qc7 7. 0-0 Nf6 8. Bb3 a6 9. a3 Bc5 10. Re1 Ng4 11. Re2 Nd4 12. e5 Nxe2+ 13. Qxe2 Nxf2 14. Kf1 0-0 15. Ne4 Nxe4 16. Qxe4 Qc6 17. Qh4 Re8 18. Ba4 b5 19. Bc2 d5 20. Qxh7+ Kf8 21. Bg5 f6 22. exf6 Re7 23. Qh8+ Kf7 24. Ne5# 1-0